| 000 | 00538nam a2200181Ia 4500 | ||
|---|---|---|---|
| 005 | 20250508155243.0 | ||
| 008 | 008 250505s9999 xx 000 0 hin d | ||
| 037 | _aBooks to be hide in OPAC | ||
| 040 |
_aFEDL _beng _cFEDL |
||
| 041 |
_ahin _2eng |
||
| 084 |
_a373.54, MAD _qFEDL |
||
| 245 | 0 | _aMadhyamik shiksha mein naye kadam | |
| 245 | 0 | _cMadhya Pradesh. Shiksha Sanchalanalaya | |
| 260 |
_aMadhya Pradesh, India _bShiksha Sanchalanalaya |
||
| 300 | _a27p | ||
| 942 |
_cHB _h373.54, MAD |
||
| 999 |
_c1355525 _d1355525 |
||